000 00296nam a22001337a 4500
008 170529b xxu||||| |||| 00| 0 eng d
020 _a2900872893794
041 _aeng
080 _a93
100 _a16
101 _aSHH
245 _aGOVERNING STATER&LOCALITIES
_cSMITH, K.B
942 _2udc
_cBK
999 _c14942
_d14942